Welcome to WEB OPAC of MRSPTU Central Library

Theory of machines : kinematics and dynamics (Record no. 5520)

MARC details
000 -LEADER
fixed length control field 00421nam a2200169Ia 4500
008 - FIXED-LENGTH DATA ELEMENTS--GENERAL INFORMATION
fixed length control field 230711s9999||||xx |||||||||||||| ||und||
020 ## - INTERNATIONAL STANDARD BOOK NUMBER
International Standard Book Number 978-81-317-6069-7
041 ## - LANGUAGE CODE
Language code of text/sound track or separate title ENG
082 ## - DEWEY DECIMAL CLASSIFICATION NUMBER
Classification number 621.8
Item number SA-M
100 ## - MAIN ENTRY--PERSONAL NAME
Personal name Singh.Sadhu
245 #0 - TITLE STATEMENT
Title Theory of machines : kinematics and dynamics
250 ## - EDITION STATEMENT
Edition statement 3rd Ed.
260 ## - PUBLICATION, DISTRIBUTION, ETC.
Date of publication, distribution, etc. 2012
Place of publication, distribution, etc. New Delhi
Name of publisher, distributor, etc. Pearson
300 ## - PHYSICAL DESCRIPTION
Extent 1370
650 ## - SUBJECT ADDED ENTRY--TOPICAL TERM
Topical term or geographic name entry element Mechanical Engineering
942 ## - ADDED ENTRY ELEMENTS (KOHA)
Koha item type Book
Holdings
Withdrawn status Lost status Damaged status Not for loan Collection Home library Current library Date acquired Total checkouts Full call number Barcode Date last seen Price effective from Koha item type Date last checked out
          MRSPTU Central Library MRSPTU Central Library     621.8 SA-M 22980 08/17/2023 08/17/2023 Book  
          MRSPTU Central Library MRSPTU Central Library     621.8 SA-M 22981 08/17/2023 08/17/2023 Book  
          MRSPTU Central Library MRSPTU Central Library   1 621.8 SA-M 22982 12/12/2024 08/17/2023 Book 12/09/2024
          MRSPTU Central Library MRSPTU Central Library   1 621.8 SA-M 22983 10/07/2024 08/17/2023 Book 09/12/2024
          MRSPTU Central Library MRSPTU Central Library     621.8 SA-M 22984 08/17/2023 08/17/2023 Book  
          MRSPTU Central Library MRSPTU Central Library     621.8 SA-M 22985 08/17/2023 08/17/2023 Book  
          MRSPTU Central Library MRSPTU Central Library   1 621.8 SA-M 22986 02/05/2024 08/17/2023 Book 08/31/2023
          MRSPTU Central Library MRSPTU Central Library     621.8 SA-M 22987 08/17/2023 08/17/2023 Book  
          MRSPTU Central Library MRSPTU Central Library   2 621.8 SA-M 22988 06/06/2024 08/17/2023 Book 09/19/2023
          MRSPTU Central Library MRSPTU Central Library   1 621.8 SA-M 22989 09/19/2023 08/17/2023 Book 08/31/2023

Website Designed and Developed by MRSPTU Central Library Team

E-mail Id: librarian@mrsptu.ac.in